Scottish Homes v Inverclyde District Council (Record no. 50084)

MARC details
000 -LEADER
fixed length control field 01170cab a2200217 4500
001 - CONTROL NUMBER
control field E85227
008 - FIXED-LENGTH DATA ELEMENTS--GENERAL INFORMATION
fixed length control field 090401t1997 xxu||||| |||| 00| 0 eng d
035 ## - SYSTEM CONTROL NUMBER
System control number (Sirsi) u79639
041 ## - LANGUAGE CODE
Language code of text/sound track or separate title eng
245 ## - TITLE STATEMENT
Title Scottish Homes v Inverclyde District Council
260 ## - PUBLICATION, DISTRIBUTION, ETC.
Date of publication, distribution, etc. 1997
350 ## - PRICE (NR) (BK AM CF MU VM SE) [OBSOLETE]
Price 0
490 ## - SERIES STATEMENT
Series statement Scots Law Times
Volume/sequential designation 1997 SLT 829-837(9)
520 ## - SUMMARY, ETC.
Summary, etc. Contract - building contract - construction - delectus personae - transfer of responsibility for maintenance work for local authority - whether competent - relevancy of obligation of awarding public works contract on basis of offer being lowest price or most economically advantageous to local authority. Local government - public works - contract for maintenance - whether contractors could assign performance of maintenance works without consent of local authority - whether delectus personae. Public Works Contracts Regulations 1991 (SI 1991:2680), regs 10(2)(e) and 20.
650 ## - SUBJECT ADDED ENTRY--TOPICAL TERM
Topical term or geographic name entry element BUILT ENVIRONMENT-BUILDING CONTRACT FORMS
650 ## - SUBJECT ADDED ENTRY--TOPICAL TERM
Topical term or geographic name entry element PUBLIC WORKS CONTRACTS REGULATIONS 1991
650 ## - SUBJECT ADDED ENTRY--TOPICAL TERM
Topical term or geographic name entry element PUBLIC WORKS CONTRACTS
690 ## - LOCAL SUBJECT ADDED ENTRY--TOPICAL TERM (OCLC, RLIN)
Topical term or geographic name as entry element BUILDING AND CONSTRUCTION-CASE LAW
942 ## - ADDED ENTRY ELEMENTS (KOHA)
Suppress in OPAC 0
948 ## - LOCAL PROCESSING INFORMATION (OCLC); SERIES PART DESIGNATOR (RLIN)
c (OCLC) 16/07/1997
Holdings
Withdrawn status Lost status Source of classification or shelving scheme Damaged status Not for loan Home library Current library Shelving location Date acquired Total Checkouts Full call number Barcode Date last seen Copy number Price effective from Koha item type
    Dewey Decimal Classification     London London Journal article 14/09/1999   E85227 79639-1001 06/08/2019 1 06/08/2019 Law report